000 00806nam a2200265Ia 4500
003 OSt
005 20220930083315.0
006 a|||||r|||| 00| 0
007 ta
008 220926b |||||||| |||| 00| 0 eng d
024 _a75271
037 _cTheses
040 _aCRL
_cCRL
_beng
041 _2eng
_aeng
100 _aSharma Aneesh
_9534424
110 _aUniversity of Delhi. Faculty of Medical Sciences. Department of Medicine
245 0 _aImmunological profile in acute infective hepatitis
260 _c1985
300 _a67p.
_ap.
_ccm.
650 _aMEDICINE
700 _a Dr. G G Mansharmani Gu.
_9534425
700 _aUniversity of Delhi. Faculty of Medical Sciences. Department of Medicine
942 _cDIS
_2CC
999 _c875070
_d875070